000 00647nam a22002177a 4500
003 OSt
005 20160701170534.0
008 160701b xxu||||| |||| 00| 0 eng d
020 _a033640586
040 _c040a
082 _aWA 110
_bF 453 1996
245 _aField trials of the health interventions in developing countries :
_ba toolbox /
_cPeter G. Smith, Richard H. Morow
250 _a2nd.ed
260 _aLondon
_bMacmillan
_c1996
300 _axxii,362p;
_bill :
_c12 cm.
504 _aIncludes index
650 _aHealth intervations
_99908
700 _aSmith, Peter G.
_99909
700 _aMorrow, Richard H.
_99910
942 _2z
_cO_SHELF
999 _c4607
_d4607